| 000 | 02211cam a22004937a 4500 | ||
|---|---|---|---|
| 003 | CHAP | ||
| 005 | 20220329134811.0 | ||
| 008 | 971013s1975 r 00010 d | ||
| 010 | _a26163 | ||
| 011 | _a27135 | ||
| 035 | _a31236 | ||
| 040 | _cCHAP | ||
| 082 |
_a633.34 _bI5 |
||
| 110 |
_aInternational Soybean Program _959837 |
||
| 245 | 0 | _aInternational soybean variety experimental | |
| 260 |
_aUrbana, Ill. : _bInternational Soybean Program, _c1975-19 |
||
| 300 | _av | ||
| 500 | _aLa biblioteca tiene: v.1, v.2, v.3 v.4, v.5, v.6, v.7, v.8, v.9, v.10 | ||
| 590 |
_aBATCH-UPD _b10 _c20130110 _lUCH01 _h0306 |
||
| 590 |
_aBATCH-UPD _b10 _c20130110 _lUCH01 _h1447 |
||
| 590 |
_aCONVERSION _b10 _c20130109 _lUCH01 _h1315 |
||
| 650 | 1 | 4 |
_aSoya _xRendimiento. _9109084 |
| 650 | 1 | 4 |
_aSoya _xVariedades. _9109096 |
| 650 | 1 | 4 |
_aVariedades. _9118144 |
| 700 | 0 |
_aJudy, W. H. _962273 |
|
| 700 | 0 |
_aWhingham, D. K. _9121656 |
|
| 901 | _aBK | ||
| 942 | _cLIBRO | ||
| 949 |
_a633.34 I5 _bBC _cLIBRO _d33724000217071 _eLIBRO _fv.1 _h16418 _i31236 _mD _si |
||
| 949 |
_a633.34 I5 _bBC _cLIBRO _d33724000217097 _eLIBRO _fv.2 _h47885 _i31236 _mD _si |
||
| 949 |
_a633.34 I5 _bBC _cLIBRO _d33724000217105 _eLIBRO _fv.3 _h42769 _i31236 _si |
||
| 949 |
_a633.34 I5 _bBC _cLIBRO _d33724000217113 _eLIBRO _fv.4 _h40133 _i31236 _si |
||
| 949 |
_a633.34 I5 _bBC _cLIBRO _d33724000217121 _eLIBRO _fv.5 _h60624 _i31236 _si |
||
| 949 |
_a633.34 I5 _bBC _cLIBRO _d33724000217139 _eLIBRO _fv.6 _h57763 _i31236 _si |
||
| 949 |
_a633.34 I5 _bBC _cLIBRO _d33724000217147 _eLIBRO _fv.6 c.2 _h57826 _i31236 _si |
||
| 949 |
_a633.34 I5 _bBC _cLIBRO _d33724000217154 _eLIBRO _fv.7 _h60842 _i31236 _si |
||
| 949 |
_a633.34 I5 _bBC _cLIBRO _d33724000217162 _eLIBRO _fv.7 c.2 _h60843 _i31236 _si |
||
| 949 |
_a633.34 I5 _bBC _cLIBRO _d33724000217170 _eLIBRO _fv.8 _h62803 _i31236 _si |
||
| 949 |
_a633.34 I5 _bBC _cLIBRO _d33724000217188 _eLIBRO _fv.8 c.2 _h62804 _i31236 _si |
||
| 949 |
_a633.34 I5 _bBC _cLIBRO _d33724000217196 _eLIBRO _fv.9 _h63841 _i31236 _si |
||
| 949 |
_a633.34 I5 _bBC _cLIBRO _d33724000217204 _eLIBRO _fv.9 c.2 _h63842 _i31236 _si |
||
| 949 |
_a633.34 I5 _bBC _cLIBRO _d33724000217212 _eLIBRO _fv.10 _h70465 _i31236 _si |
||
| 949 |
_a633.34 I5 _bBC _cLIBRO _d33724000217220 _eLIBRO _fv.10 c.2 _h70812 _i31236 _si |
||
| 999 |
_c26163 _d26163 |
||